| 000 | 02294nam a2200505 i 4500 | ||
|---|---|---|---|
| 001 | EBC5527541 | ||
| 003 | MiAaPQ | ||
| 005 | 20210827112635.0 | ||
| 006 | m o d | | ||
| 007 | cr cnu|||||||| | ||
| 008 | 181018s2019 nyu ob 001 0 eng d | ||
| 020 | _z9780190931407 | ||
| 020 | _z9780190931414 | ||
| 020 | _a9780190931421 (e-book) | ||
| 035 | _a(MiAaPQ)EBC5527541 | ||
| 035 | _a(Au-PeEL)EBL5527541 | ||
| 035 | _a(CaPaEBR)ebr11613508 | ||
| 035 | _a(OCoLC)1056064398 | ||
| 040 |
_aMiAaPQ _beng _erda _epn _cMiAaPQ _dMiAaPQ |
||
| 082 | 0 |
_a302.30285 _223 |
|
| 245 | 0 | 0 |
_aComputational propaganda : _bpolitical parties, politicians, and political manipulation on social media / _cedited by Samuel Woolley and Philip N. Howard. |
| 264 | 1 |
_aNew York, NY : _bOxford University Press, _c[2019] |
|
| 264 | 4 | _c©2019 | |
| 300 | _a1 online resource (273 pages). | ||
| 336 |
_atext _2rdacontent |
||
| 337 |
_acomputer _2rdamedia |
||
| 338 |
_aonline resource _2rdacarrier |
||
| 490 | 1 | _aOxford studies in digital politics | |
| 504 | _aIncludes bibliographical references and index. | ||
| 588 | _aDescription based on print version record. | ||
| 590 | _aElectronic reproduction. Ann Arbor, MI : ProQuest, 2018. Available via World Wide Web. Access may be limited to ProQuest affiliated libraries. | ||
| 630 | 0 | 0 | _aFacebook (Electronic resource) |
| 630 | 0 | 0 | _aTwitter. |
| 650 | 0 |
_aSocial media _xPolitical aspects. |
|
| 650 | 0 |
_aOnline social networks _xPolitical aspects. |
|
| 650 | 0 |
_aPropaganda _xTechnological innovations. |
|
| 650 | 0 |
_aDisinformation _xTechnological innovations. |
|
| 650 | 0 | _aGenerators (Computer programs) | |
| 655 | 4 | _aElectronic books. | |
| 700 | 1 |
_aWoolley, Samuel, _eeditor. |
|
| 700 | 1 |
_aHoward, Philip N., _eeditor. |
|
| 776 | 0 | 8 |
_iPrint version: _tComputational propaganda : political parties, politicians, and political manipulation on social media. _dNew York, NY : Oxford University Press, c2019 _h273 pages _kOxford studies in digital politics. _z9780190931407 _w(DLC) 2018026451 |
| 830 | 0 | _aOxford studies in digital politics. | |
| 856 | 4 | 0 |
_uhttps://ezproxy.taylors.edu.my/login?url=https://ebookcentral.proquest.com/lib/taylors/detail.action?docID=5527541 _zAn electronic book accessible through the World Wide Web; click to view |
| 999 | _c187222 | ||